Interfacial phenomena and convection / (Record no. 68342)

MARC details
000 -LEADER
campo de control de longitud fija 01167nam a2200325 i 4500
001 - NÚMERO DE CONTROL
campo de control 68342
003 - IDENTIFICADOR DE NÚMERO DE CONTROL
campo de control ES-MaACL
005 - FECHA Y HORA DE LA ÚLTIMA TRANSACCIÓN
campo de control 20250729053850.0
007 - CAMPO FIJO DE DESCRIPCIÓN FÍSICA--INFORMACIÓN GENERAL
campo de control de longitud fija t|
008 - DATOS DE LONGITUD FIJA--INFORMACIÓN GENERAL
campo de control de longitud fija 040622s2002 xxu ||||1| eng d
020 ## - NÚMERO INTERNACIONAL ESTÁNDAR DEL LIBRO
Número Internacional Estándar del Libro 1-58488-256-5
080 ## - NÚMERO DE LA CLASIFICACIÓN DECIMAL UNIVERSAL
Número de la Clasificación Decimal Universal 536.2
080 ## - NÚMERO DE LA CLASIFICACIÓN DECIMAL UNIVERSAL
Número de la Clasificación Decimal Universal 532.5(04)
100 1# - ENTRADA PRINCIPAL--NOMBRE DE PERSONA
Nombre de persona Nepomnyashchy, Alexander A.
Término indicativo de función/relación Autor
9 (RLIN) 85383
245 10 - MENCIÓN DEL TÍTULO
Título Interfacial phenomena and convection /
Mención de responsabilidad, etc. Alexander A. Nepomnyashchy, Manuel G. Velarde, Pierre Colinet
260 ## - PUBLICACIÓN, DISTRIBUCIÓN, ETC.
Lugar de publicación, distribución, etc. Boca Raton, USA :
Nombre del editor, distribuidor, etc. Chapman and Hall/CRC,
Fecha de publicación, distribución, etc. [2002]
300 ## - DESCRIPCIÓN FÍSICA
Extensión XVII, 365 páginas ;
Dimensiones 24 cm
490 1# - MENCIÓN DE SERIE
Mención de serie Monographs and surveys in pure and applied mathematics ;
Designación de volumen o secuencia 124
650 #4 - PUNTO DE ACCESO ADICIONAL DE MATERIA--TÉRMINO DE MATERIA
Término de materia o nombre geográfico como elemento de entrada Calor-
Subdivisión general Convección
9 (RLIN) 10685
650 #7 - PUNTO DE ACCESO ADICIONAL DE MATERIA--TÉRMINO DE MATERIA
Término de materia o nombre geográfico como elemento de entrada Calor-
Subdivisión general Transmisión
9 (RLIN) 165140
650 #7 - PUNTO DE ACCESO ADICIONAL DE MATERIA--TÉRMINO DE MATERIA
Término de materia o nombre geográfico como elemento de entrada Mecánica de fluidos
Fuente del encabezamiento o término embne
9 (RLIN) 14877
650 #7 - PUNTO DE ACCESO ADICIONAL DE MATERIA--TÉRMINO DE MATERIA
Término de materia o nombre geográfico como elemento de entrada Hidrodinámica
Fuente del encabezamiento o término embne
9 (RLIN) 13335
700 1# - ENTRADA AGREGADA--NOMBRE PERSONAL
Nombre de persona García Velarde, Manuel
Término indicativo de función/relación Autor
9 (RLIN) 55382
700 1# - ENTRADA AGREGADA--NOMBRE PERSONAL
Nombre de persona Colinet, Pierre
Término indicativo de función/relación Autor
9 (RLIN) 39604
830 #0 - PUNTO DE ACCESO ADICIONAL DE SERIE-TÍTULO UNIFORME
Título uniforme Monographs and surveys in pure and applied mathematics ;
Designación de volumen o secuencia 124
9 (RLIN) 230942
852 ## - LOCALIZACIÓN
Ubicación ES-MaACL
Sublocalización o colección R.133867
Ubicación en estantería Depósito 2
Número de control de estantería L-28022
942 ## - ELEMENTOS DE ENTRADA SECUNDARIOS (KOHA)
Fuente del sistema de clasificación o colocación Clasificación decimal universal
Tipo de ítem Koha Libro impreso
Suprimir en OPAC No
Holdings
Estatus retirado Estado de pérdida Estado de daño No para préstamo Biblioteca de origen Biblioteca actual Ubicación en estantería Fecha de adquisición Fuente de adquisición Total de préstamos Signatura topográfica completa Código de barras Visto por última vez Precio de reemplazo Tipo de ítem Koha
        Biblioteca del Ateneo de Madrid Biblioteca del Ateneo de Madrid Depósito 2 17/01/2008     L-28022 1071541 23/02/2023 23/02/2023 Libro impreso